[Event "GER-chT Christmas U16 Steinitz"]
[Site "Playchess.com INT"]
[Date "2020.12.28"]
[Round "1.3"]
[White "Eisenschink, Fabian"]
[Black "Vecera, Fabio"]
[Result "1-0"]
[WhiteElo "795"]
[BlackElo "1527"]
[PlyCount "21"]
[EventDate "2020.12.28"]
[EventType "team-swiss (blitz)"]
[EventRounds "7"]
[EventCountry "GER"]
[SourceTitle "CBM 200 Extra"]
[Source "ChessBase"]
[SourceDate "2021.03.31"]
[SourceVersion "1"]
[SourceVersionDate "2021.03.31"]
[SourceQuality "1"]
[WhiteTeam "Kelheim"]
[BlackTeam "Leipzig VfB"]
[WhiteTeamCountry "GER"]
[BlackTeamCountry "GER"]

1. e4 Nf6 2. Nc3 d5 3. e5 Ne4 4. Nxe4 dxe4 5. Qe2 Bf5 6. d3 exd3 7. cxd3 Nc6 8. Nf3 g6 9. Be3 Bg7 10. d4 0-0 11. g3 1-0

[Event "GER-chT Christmas U16 Steinitz"]
[Site "Playchess.com INT"]
[Date "2020.12.28"]
[Round "7.3"]
[White "Koepnick, Amanda"]
[Black "Eisenschink, Fabian"]
[Result "0-1"]
[WhiteElo "1123"]
[BlackElo "795"]
[PlyCount "130"]
[EventDate "2020.12.28"]
[EventType "team-swiss (blitz)"]
[EventRounds "7"]
[EventCountry "GER"]
[SourceTitle "CBM 200 Extra"]
[Source "ChessBase"]
[SourceDate "2021.03.31"]
[SourceVersion "1"]
[SourceVersionDate "2021.03.31"]
[SourceQuality "1"]
[WhiteTeam "Rostock Makkabi II"]
[BlackTeam "Kelheim"]
[WhiteTeamCountry "GER"]
[BlackTeamCountry "GER"]

1. e4 e5 2. Nf3 Nc6 3. Bc4 Nf6 4. d3 Bc5 5. 0-0 d6 6. Bg5 Bg4 7. c3 0-0 8. a3 Qe7 9. b4 Bb6 10. a4 a5 11. b5 Nd8 12. Bd5 Rb8 13. Nbd2 Ne6 14. Bxe6 Qxe6 15. d4 exd4 16. cxd4 Nxe4 17. Nxe4 Qxe4 18. Ra3 Bxf3 19. Rxf3 Qg4 20. Rg3 Qxd4 21. Bh6 Qxd1 22. Rxg7+ Kh8 23. Rxd1 Rg8 24. Rxf7 Rbe8 25. g3 Rg6 26. Bc1 Rge6 27. Bb2+ Kg8 28. Rf5 Re1+ 29. Rxe1 Rxe1+ 30. Kg2 Re2 31. Bc3 Re4 32. Rg5+ Kf7 33. Rg7+ Kf8 34. Rxh7 Bd4 35. Bxd4 Rxd4 36. Rxc7 Rxa4 37. Rxb7 Rb4 38. Kf3 a4 39. Ke2 d5 40. Kd3 a3 41. Kc3 Ra4 42. Kb3 Ra8 43. Rc7 a2 44. Rc8+ Rxc8 45. Kxa2 d4 46. Kb3 d3 47. b6 d2 48. b7 Rd8 49. Kb4 d1Q 50. Kc5 Qc1+ 51. Kb6 Qb1+ 52. Kc7 Re8 53. h4 Qe1 54. h5 Qxf2 55. h6 Qxg3+ 56. Kb6 Qg6+ 57. Kc7 Qxh6 58. b8Q Rxb8 59. Kxb8 Qd6+ 60. Kb7 Ke7 61. Kc8 Qd7+ 62. Kb8 Kd6 63. Ka8 Kc6 64. Kb8 Kb6 65. Ka8 Qb7# 0-1